000 00574nam a22001457a 4500
020 _a978-0-143-45687-2
082 _a823
_bHES/S
100 _aHESSE, HERMANN
245 _aSIDDHARTHA
260 _aHARYANA
_bPENGUIN RANDOM HOUSE INDIA PVT LTD
_c2022
300 _a138
520 _aIn Siddhartha, a man named Siddhartha leaves his life as a Brahmin to pursue enlightenment. First, he tries it through other spiritual groups, then through material worth. Finally, he finds it by sitting on a river, realizing that everyone is interconnected.
650 _aNOVEL
942 _cBK
999 _c6828
_d6828